=LDR 00000nam 2200000 4500 =001 INLIS000000000025356 =005 20130612123856 =008 ***********************************Ind** =035 ##$$0010-061300000025356 =041 ##$$a Ind =082 ##$$a 2x4.3 =090 ##$$a 2x4.3, Gym k =100 ##$$a Gymnastiar, Abdullah =245 ##$$a Keluarga kaya hati, kiat membentuk keluarga sakinah, Abdullah Gymnastiar =260 ##$$a 2005 $b Bandung =300 ##$$a x, 62 hlm, 24 cm =650 ##$$a Agama =850 ##$$a NBPNMAT